[Event "Landesklasse West 2024/25"]
[Site "?"]
[Date "2024.09.15"]
[Round "1.6"]
[White "Onnen, Erik"]
[Black "Döll, Frank"]
[Result "0-1"]
[WhiteElo "1516"]
[BlackElo "1808"]
[PlyCount "134"]
[EventDate "2024.09.15"]
[EventType "team-tourn"]
[EventRounds "9"]
[WhiteTeam "SC 1951 Nordhausen"]
[BlackTeam "SC Rochade Steinbach-Hallenberg"]

{[%evp 0,134,30,30,30,30,23,24,23,24,14,1,20,27,33,34,45,48,49,36,27,5,11,2,6,-37,68,73,50,63,49,41,65,47,61,42,53,42,52,46,46,-9,31,-218,-204,-217,-224,-224,-231,-231,-211,-217,-217,-220,-196,-202,-202,-217,-206,-230,-217,-218,92,-216,-202,-221,-222,-253,-220,-243,-245,-260,-276,-323,-304,-328,-330,-439,-300,-301,-225,-222,-254,-262,-249,-280,-224,-283,-298,-295,-287,-316,-319,-353,-349,-351,-358,-364,-356,-386,-365,-396,-380,-404,-389,-475,-521,-708,-715,-736,-749,-791,-752,-803,-813,-818,-818,-818,-1034,-1302,-1278,-1934,-2010,-29971,-1934,-2983,-2003,-28791,-29976,-29981,-3078,-29975,-29984,-29995,-29984,-29985,-29986]} 1. e4 e5 2. Nf3 Nc6 3. Bc4 Nf6 4. d3 h6 5. Be3 d6 6. Nc3 Bg4 7. h3 Bh5 8. g4 Bg6 9. Qd2 Na5 10. Bb3 Nxb3 11. axb3 a6 12. Nh2 Qd7 13. f4 exf4 14. Bxf4 Be7 15. O-O-O O-O-O 16. Nf3 d5 17. Ne5 Qe8 18. Nxd5 Nxd5 19. exd5 Rxd5 20. Qe3 Bc5 21. Qf3 Rxe5 22. Bxe5 Qxe5 23. Rhe1 Qg5+ 24. Kb1 Qd8 25. Re5 Bd6 26. Re3 Re8 27. Rde1 Rxe3 28. Rxe3 f6 29. Qe2 Bf7 30. Qf3 Be5 31. Qf5+ Qd7 32. Qxd7+ Kxd7 33. b4 Bf4 34. Re2 Be6 35. Re4 g5 36. Re1 f5 37. gxf5 Bxf5 38. h4 Be6 39. hxg5 Bxg5 40. Rg1 Ke7 41. b3 Bd2 42. Kb2 Bf7 43. c4 Bxb4 44. Kc2 h5 45. Kd1 Kf6 46. Rg2 Bd6 47. Rf2+ Kg6 48. Rg2+ Kh6 49. Ke2 Be6 50. Kf2 Bg4 51. Ke3 Kg5 52. Ke4 h4 53. Kd5 h3 54. Rg1 h2 55. Re1 h1=Q+ 56. Rxh1 Bf3+ 57. Ke6 Bxh1 58. d4 b6 59. Kd7 Kf5 60. d5 a5 61. Kc6 Ke5 62. Kb5 Bf3 63. c5 Bxc5 64. Ka4 Kxd5 65. Kb5 Bd1 66. Ka4 Bc2 67. Kb5 Bxb3 0-1

[Event "Landesklasse West 2024/25"]
[Site "?"]
[Date "2024.09.15"]
[Round "1.7"]
[White "Häfner, Jaime"]
[Black "Schimm, Justin"]
[Result "1-0"]
[WhiteElo "1581"]
[BlackElo "1432"]
[PlyCount "37"]
[EventDate "2024.09.15"]
[EventType "team-tourn"]
[EventRounds "9"]
[WhiteTeam "SC Rochade Steinbach-Hallenberg"]
[BlackTeam "SC 1951 Nordhausen"]

{[%evp 0,37,23,-11,5,-42,-46,-58,14,-20,-14,8,16,28,19,-46,20,32,69,69,89,68,136,174,146,134,158,148,139,130,192,188,208,208,206,223,541,577,29999,-30000]} 1. c4 e5 2. g3 d5 3. cxd5 c6 4. dxc6 Nxc6 5. Bg2 Nf6 6. Nc3 Bc5 7. d3 O-O 8. Nf3 Qb6 9. O-O Ng4 10. Ne4 f5 11. Nxc5 Qxc5 12. h3 Nf6 13. Qb3+ Kh8 14. Be3 Qd6 15. Rac1 Be6 16. Qxb7 Bd5 17. Bc5 Qd8 18. Bxf8 Nd4 19. Qxg7# 1-0

[Event "Landesklasse West 2024/25"]
[Site "?"]
[Date "2024.09.15"]
[Round "1.8"]
[White "Enzenberg, Hannes"]
[Black "Hoffmann, Karsten"]
[Result "1/2-1/2"]
[WhiteElo "1368"]
[BlackElo "1645"]
[PlyCount "56"]
[EventDate "2024.09.15"]
[EventType "team-tourn"]
[EventRounds "9"]
[WhiteTeam "SC 1951 Nordhausen"]
[BlackTeam "SC Rochade Steinbach-Hallenberg"]

{[%evp 0,56,25,23,57,47,102,21,21,22,23,20,21,21,29,22,15,7,15,3,14,-14,9,-9,37,29,11,-12,6,-8,-15,-23,-4,-14,-7,-115,-9,-1,1,-32,-46,-60,-48,-65,-29,-54,-5,-29,-54,-165,-91,-163,-65,-140,-74,-131,-75,-108,-21]} 1. e4 c5 2. Nc3 g6 3. g3 Bg7 4. Bg2 Nc6 5. Nf3 d6 6. O-O Nf6 7. d3 O-O 8. h3 a6 9. a4 Rb8 10. Nh4 Nd4 11. Ne2 b5 12. axb5 Rxb5 13. Rb1 Qb6 14. Nxd4 cxd4 15. b3 a5 16. Ra1 Bb7 17. f4 Rc8 18. f5 Qc7 19. fxg6 hxg6 20. Rf2 Rc5 21. Ra2 Nd7 22. Qf1 Ne5 23. Bf4 e6 24. Bxe5 dxe5 25. g4 Bc6 26. Bh1 Rc3 27. Qg2 Qd8 28. Nf3 Bb5 1/2-1/2

[Event "Landesklasse West 2024/25"]
[Site "?"]
[Date "2024.09.15"]
[Round "1.1"]
[White "Hübschmann, Holger"]
[Black "Meyer, Thomas"]
[Result "1-0"]
[WhiteElo "1951"]
[BlackElo "1930"]
[PlyCount "103"]
[EventDate "2024.09.15"]
[EventType "team-tourn"]
[EventRounds "9"]
[WhiteTeam "Randspringer Bad Salzungen"]
[BlackTeam "VfB 1919 Vacha"]

{[%evp 0,103,25,25,27,-16,11,-4,15,5,-15,-48,-27,-39,-41,-27,-30,-30,-26,-16,13,-6,-4,0,-5,1,0,4,7,-10,-8,-7,-2,4,0,5,38,28,98,63,62,48,62,21,134,134,134,139,176,167,157,158,149,149,197,148,160,119,126,111,202,205,205,175,201,202,214,207,212,200,188,185,185,150,182,187,235,222,266,265,270,266,318,324,352,358,390,404,406,398,409,376,387,349,467,467,537,477,760,835,1323,758,2563,1110,1338,1403]} 1. Nf3 d5 2. c4 d4 3. b4 c5 4. bxc5 Nc6 5. g3 e5 6. d3 Bxc5 7. Bg2 Nf6 8. O-O O-O 9. Ba3 Qe7 10. Bxc5 Qxc5 11. Nbd2 Bd7 12. Rb1 Rab8 13. Ng5 b6 14. Qc1 h6 15. Nge4 Nxe4 16. Nxe4 Qe7 17. c5 bxc5 18. Qxc5 Qe6 19. a3 Rxb1 20. Rxb1 Qa2 21. Re1 Qb2 22. Nd6 Qd2 23. Rf1 Qa5 24. Rc1 Qxc5 25. Rxc5 Nb8 26. Rxe5 Be6 27. f4 Rd8 28. Nb5 Nd7 29. Re4 a6 30. Nxd4 Bd5 31. Re3 Bxg2 32. Kxg2 Nf6 33. Nc6 Rd6 34. Ne5 Nd5 35. Rf3 Nc3 36. e4 Nb5 37. Nc4 Rd4 38. Kf2 Na7 39. Ke3 Rd7 40. Rf2 Nc6 41. Rb2 Ra7 42. Rb6 Ne7 43. d4 f5 44. Rb8+ Kh7 45. e5 g5 46. Nb6 Rc7 47. d5 gxf4+ 48. gxf4 Ng6 49. d6 Rc3+ 50. Kd4 Rxa3 51. Nd5 Ra4+ 52. Kc3 1-0

[Event "Landesklasse West 2024/25"]
[Site "?"]
[Date "2024.09.15"]
[Round "1.2"]
[White "Korn, Kevin"]
[Black "Roth, Ralf"]
[Result "0-1"]
[WhiteElo "1570"]
[BlackElo "1839"]
[PlyCount "98"]
[EventDate "2024.09.15"]
[EventType "team-tourn"]
[EventRounds "9"]
[WhiteTeam "VfB 1919 Vacha"]
[BlackTeam "Randspringer Bad Salzungen"]

{[%evp 0,98,27,23,71,71,72,71,82,69,62,36,28,26,25,17,27,16,26,20,32,21,36,8,22,-20,-20,-21,-29,-9,33,-19,-24,-10,-24,-17,-19,-19,-22,-16,-28,-15,-27,-27,-22,-52,-63,-66,-68,-68,-54,-63,-8,-66,-66,-78,-89,-79,-71,-91,-86,-81,-79,-68,-83,-122,-129,-113,-134,-165,-149,-155,-87,-120,-91,-96,-80,-70,-60,-79,-66,-81,-72,-70,-72,-132,-109,-118,-144,-140,-145,-179,-189,-191,-275,-318,-328,-452,-552,-552,-653]} 1. e4 d6 2. d4 Nf6 3. Nc3 g6 4. Be3 Bg7 5. f3 O-O 6. Qd2 c5 7. Nge2 cxd4 8. Nxd4 Nc6 9. O-O-O Nxd4 10. Bxd4 Be6 11. g4 h5 12. Bxf6 Bxf6 13. gxh5 Qa5 14. Nd5 Qxd2+ 15. Rxd2 Bg5 16. f4 Bxd5 17. fxg5 Bxe4 18. Rg1 gxh5 19. Be2 Bg6 20. Bf3 Rab8 21. Re1 Rfe8 22. Rd4 Rec8 23. Be4 Rc7 24. c3 Rf8 25. Bf3 f6 26. Rg1 Kh7 27. Bd1 Rc5 28. Rf4 Kg7 29. Bc2 f5 30. Rd1 b6 31. Bb3 a5 32. Be6 Re5 33. Bb3 Re4 34. Rd4 Rxf4 35. Rxf4 Rc8 36. Rd4 Rc5 37. h4 Kf8 38. Kd2 Ke8 39. Rd5 Kd7 40. Ke3 Rxd5 41. Bxd5 e6 42. Bf3 d5 43. a3 Kd6 44. b4 e5 45. Kd2 e4 46. Be2 Ke5 47. c4 axb4 48. cxd5 bxa3 49. Bc4 f4 0-1

[Event "Landesklasse West 2024/25"]
[Site "?"]
[Date "2024.09.15"]
[Round "1.3"]
[White "Schulz, Tilo"]
[Black "Laut, Martin"]
[Result "1-0"]
[WhiteElo "1882"]
[BlackElo "1539"]
[PlyCount "47"]
[EventDate "2024.09.15"]
[EventType "team-tourn"]
[EventRounds "9"]
[WhiteTeam "Randspringer Bad Salzungen"]
[BlackTeam "VfB 1919 Vacha"]

{[%evp 0,47,27,23,47,47,51,40,27,36,36,38,85,69,66,66,57,62,92,57,80,58,57,60,46,35,17,43,104,93,133,50,182,244,213,246,285,229,440,388,375,603,749,759,29989,29990,29995,29996,29997,1948]} 1. e4 c5 2. Nf3 e6 3. d4 cxd4 4. Nxd4 Nc6 5. Nc3 Bb4 6. Ndb5 d6 7. a3 Bxc3+ 8. Nxc3 a6 9. Bc4 b5 10. Ba2 Nf6 11. O-O O-O 12. Bg5 Bb7 13. Qd2 Qc7 14. Rad1 Rad8 15. Kh1 Ne7 16. Bxf6 gxf6 17. Qh6 Ng6 18. f4 Qe7 19. Rd3 Rfe8 20. Rh3 Nf8 21. Rff3 f5 22. Rfg3+ Ng6 23. Qxh7+ Kf8 24. Rxg6 1-0

[Event "Landesklasse West 2024/25"]
[Site "?"]
[Date "2024.09.15"]
[Round "1.4"]
[White "Schubert, Ralf"]
[Black "Burkhardt, Christian"]
[Result "1/2-1/2"]
[WhiteElo "1400"]
[BlackElo "1711"]
[PlyCount "32"]
[EventDate "2024.09.15"]
[EventType "team-tourn"]
[EventRounds "9"]
[WhiteTeam "VfB 1919 Vacha"]
[BlackTeam "Randspringer Bad Salzungen"]

{[%evp 0,32,27,17,43,43,39,36,41,22,25,9,56,25,80,67,77,72,74,59,55,36,67,0,-5,5,41,39,74,63,111,106,108,108,108]} 1. e4 e6 2. d4 d5 3. Nc3 Bb4 4. exd5 exd5 5. Nf3 c6 6. h3 Ne7 7. Bd3 f6 8. O-O O-O 9. Re1 Bd6 10. Be3 Nf5 11. Qd2 Nxe3 12. Qxe3 Qc7 13. Na4 Bd7 14. Nc5 b6 15. Ne6 Bxe6 16. Qxe6+ Kh8 1/2-1/2

[Event "Landesklasse West 2024/25"]
[Site "?"]
[Date "2024.09.15"]
[Round "1.5"]
[White "Feldmann, Bernd"]
[Black "Schwiderski, Waldemar"]
[Result "1-0"]
[WhiteElo "1823"]
[BlackElo "1457"]
[PlyCount "55"]
[EventDate "2024.09.15"]
[EventType "team-tourn"]
[EventRounds "9"]
[WhiteTeam "Randspringer Bad Salzungen"]
[BlackTeam "VfB 1919 Vacha"]

{[%evp 0,55,27,24,15,15,27,-6,-9,-27,-12,-25,-29,-13,-16,-12,-8,-55,0,-28,-14,-16,-14,-42,6,-23,-15,-23,-34,-9,-19,3,6,22,12,9,40,51,51,36,46,62,79,87,96,12,51,42,89,0,86,83,110,115,339,341,594,578]} 1. d4 d5 2. Nf3 Nf6 3. Bg5 Nc6 4. c3 h6 5. Bh4 Bf5 6. e3 a6 7. Nbd2 e6 8. Qb3 Qc8 9. Be2 Be7 10. O-O O-O 11. Ne5 Re8 12. Ndf3 g5 13. Bg3 Ne4 14. Nxc6 bxc6 15. Qa4 Nxg3 16. hxg3 c5 17. Qc6 c4 18. b3 cxb3 19. axb3 a5 20. c4 dxc4 21. Bxc4 Rd8 22. Qb5 Bb4 23. Qe5 Qd7 24. Rfc1 c6 25. g4 Bd6 26. Qf6 Be7 27. Qxh6 Bg6 28. Ne5 1-0

[Event "Landesklasse West 2024/25"]
[Site "?"]
[Date "2024.09.15"]
[Round "1.6"]
[White "Stepper, Matthias"]
[Black "Wiefel, Erik"]
[Result "1-0"]
[WhiteElo "1575"]
[BlackElo "1619"]
[PlyCount "38"]
[EventDate "2024.09.15"]
[EventType "team-tourn"]
[EventRounds "9"]
[WhiteTeam "VfB 1919 Vacha"]
[BlackTeam "Randspringer Bad Salzungen"]

{[%evp 0,38,19,15,27,27,24,10,31,16,1,6,11,4,2,10,3,3,0,-8,-8,-3,-9,-2,17,36,77,72,118,83,88,82,225,218,233,182,168,181,375,368,951]} 1. d4 Nf6 2. Nf3 e6 3. e3 b6 4. Nbd2 Bb7 5. Bd3 Be7 6. O-O d5 7. b3 O-O 8. Bb2 Nbd7 9. Ne5 Nxe5 10. dxe5 Nd7 11. f4 f6 12. Nf3 c5 13. c4 h6 14. Qe2 f5 15. Rad1 Re8 16. cxd5 Bxd5 17. Bc4 Bxc4 18. Qxc4 Kf7 19. Qb5 Nxe5 1-0

[Event "Landesklasse West 2024/25"]
[Site "?"]
[Date "2024.09.15"]
[Round "1.7"]
[White "Mäurer, Michael"]
[Black "Müller, Danilo"]
[Result "0-1"]
[WhiteElo "1573"]
[BlackElo "1501"]
[PlyCount "57"]
[EventDate "2024.09.15"]
[EventType "team-tourn"]
[EventRounds "9"]
[WhiteTeam "Randspringer Bad Salzungen"]
[BlackTeam "VfB 1919 Vacha"]

{[%evp 0,57,24,15,15,13,24,27,63,21,97,100,83,80,134,88,94,50,104,72,60,64,63,66,81,67,42,44,116,73,66,36,59,54,56,45,49,16,16,0,-6,-18,-8,-33,-41,-37,-28,-79,-62,-57,-9,-4,-14,0,0,0,0,0,0,-29995]} 1. d4 d5 2. Bf4 e6 3. e3 c6 4. c3 f5 5. Nf3 Nf6 6. Nbd2 b6 7. Ne5 Bb7 8. Be2 Bd6 9. Bg3 O-O 10. O-O Ne4 11. Nxe4 fxe4 12. f3 exf3 13. Rxf3 Nd7 14. Rxf8+ Nxf8 15. Qe1 Bxe5 16. Bxe5 Ng6 17. Bg3 Qg5 18. Qd2 e5 19. dxe5 Nxe5 20. Bf4 Qe7 21. Qd4 Ng6 22. Bf3 Nh4 23. Kf2 Nxf3 24. gxf3 c5 25. Qe5 Qh4+ 26. Bg3 Qh6 27. Bf4 Qg6 28. Rg1 Qc2+ 29. Kf1 0-1

[Event "Landesklasse West 2024/25"]
[Site "?"]
[Date "2024.09.15"]
[Round "1.8"]
[White "Medda, Daniel"]
[Black "Platek, Burkhardt"]
[Result "0-1"]
[WhiteElo "1333"]
[BlackElo "1496"]
[PlyCount "106"]
[EventDate "2024.09.15"]
[EventType "team-tourn"]
[EventRounds "9"]
[WhiteTeam "VfB 1919 Vacha"]
[BlackTeam "Randspringer Bad Salzungen"]

{[%evp 0,106,24,23,51,25,23,7,66,58,61,66,73,71,60,42,45,32,131,64,65,55,62,53,51,33,35,32,34,14,61,6,8,7,6,11,19,27,46,35,38,29,28,53,88,37,75,89,77,3,-16,7,315,258,215,-17,-47,-17,-48,-183,-46,-51,-51,0,0,-96,-97,-246,11,-208,-136,-172,-154,-237,-242,-493,-575,-555,-220,-225,-212,-209,-219,-263,-259,-279,-195,-233,-231,-368,-339,-411,-395,-454,-464,-507,-546,-548,-503,-501,-591,-1118,-1195,-1309,-1310,-1310,-1410,-1514,-1551]} 1. e4 c5 2. d4 cxd4 3. c3 d3 4. Bxd3 Nc6 5. Nf3 d6 6. O-O g6 7. Re1 Bg7 8. Bf4 Qc7 9. h3 Bd7 10. Nbd2 e5 11. Be3 Nf6 12. Qc2 O-O 13. Rad1 h6 14. b4 a6 15. Bc4 b5 16. Bb3 Rac8 17. Rc1 a5 18. a3 a4 19. Ba2 Ne7 20. c4 Be6 21. Qb2 bxc4 22. Nxc4 Bxc4 23. Rxc4 Qb7 24. Qc2 Rxc4 25. Qxc4 Rc8 26. Qxf7+ Kh7 27. Nxe5 dxe5 28. Bc5 Rc7 29. Rd1 Nc6 30. Qc4 Rd7 31. Rxd7 Qxd7 32. Kh2 Nd4 33. Qa6 Qc6 34. Qa7 Qd7 35. Qa8 Nc2 36. Bc4 Nxa3 37. Bb3 axb3 38. Qxa3 Qb5 39. Qxb3 Nxe4 40. Qe3 Nxc5 41. bxc5 Qc6 42. h4 Qc7 43. g3 Qc6 44. f4 e4 45. Kg2 Qd5 46. c6 Qxc6 47. g4 Qc2+ 48. Kg3 Qd3 49. Qxd3 exd3 50. Kf3 d2 51. Ke2 Bc3 52. f5 gxf5 53. gxf5 Kg7 0-1

[Event "Landesklasse West 2024/25"]
[Site "?"]
[Date "2024.09.15"]
[Round "1.1"]
[White "von Otte, Wilhelm"]
[Black "Minor, Viatcheslav"]
[Result "0-1"]
[WhiteElo "1900"]
[BlackElo "1960"]
[PlyCount "151"]
[EventDate "2024.09.15"]
[EventType "team-tourn"]
[EventRounds "9"]
[WhiteTeam "TSG Ruhla"]
[BlackTeam "SV Wartburgstadt Eisenach"]

1. e4 b6 2. d4 Bb7 3. Bd3 Nf6 4. Qe2 e6 5. Nf3 Be7 6. a3 c5 7. c3 Nc6 8. Bg5 d5 9. Bxf6 Bxf6 10. exd5 Qxd5 11. Bc4 Qd6 12. d5 Ne5 13. Nxe5 Qxe5 14. Qxe5 Bxe5 15. dxe6 Bxg2 16. exf7+ Ke7 17. Rg1 Bc6 18. Nd2 b5 19. Ba2 c4 20. O-O-O Kxf7 21. f4 Bc7 22. b3 cxb3 23. Bxb3+ Kf6 24. Rgf1 Rhe8 25. h4 Re3 26. Kb2 Rd8 27. Bc2 Re2 28. Nb3 Be4 29. Na1 Rxd1 30. Rxd1 Bxf4 31. Rd4 Bxc2 32. Rxf4+ Ke5 33. Rf8 Ba4+ 34. Kc1 Rh2 35. Rf7 Rxh4 36. Rxg7 a5 37. Ra7 Rh1+ 38. Kb2 Rh2+ 39. Kc1 Kd5 40. Rc7 Kd6 41. Rc8 h5 42. c4 b4 43. axb4 axb4 44. Ra8 Bc6 45. Rb8 Kc5 46. Nb3+ Kxc4 47. Na5+ Kc3 48. Kd1 Ba4+ 49. Ke1 b3 50. Rc8+ Kb4 51. Nxb3 Bxb3 52. Kf1 Bc4+ 53. Kg1 Ra2 54. Rh8 Be2 55. Kh2 Bg4+ 56. Kg3 Kc4 57. Rd8 Ra3+ 58. Kg2 Rd3 59. Rb8 Kd4 60. Re8 Re3 61. Rd8+ Ke4 62. Re8+ Kf4 63. Rf8+ Kg5 64. Rg8+ Kh4 65. Kf2 Re2+ 66. Kf1 Ra2 67. Re8 Kg3 68. Re3+ Bf3 69. Ke1 h4 70. Re8 Re2+ 71. Rxe2 Bxe2 72. Kxe2 Kg2 73. Ke3 h3 74. Kf4 h2 75. Ke4 h1=Q 76. Kf4 0-1

[Event "Landesklasse West 2024/25"]
[Site "?"]
[Date "2024.09.15"]
[Round "1.2"]
[White "Mutka, Oleksandr"]
[Black "Thrän, Uwe"]
[Result "0-1"]
[WhiteElo "1791"]
[BlackElo "1748"]
[PlyCount "120"]
[EventDate "2024.09.15"]
[EventType "team-tourn"]
[EventRounds "9"]
[WhiteTeam "SV Wartburgstadt Eisenach"]
[BlackTeam "TSG Ruhla"]

1. e4 e6 2. d4 d5 3. Bd3 c5 4. exd5 Qxd5 5. Nc3 Qd8 6. Bf4 Nf6 7. Nge2 Be7 8. Qd2 a6 9. O-O Nc6 10. dxc5 Bxc5 11. Ne4 Be7 12. a3 O-O 13. Rad1 b5 14. Qe3 Nd5 15. Qg3 Bh4 16. Qf3 e5 17. Bc1 f5 18. N4c3 Be6 19. Nxd5 Bxd5 20. Bc4 bxc4 21. Qxd5+ Qxd5 22. Rxd5 Rac8 23. Re1 Bf6 24. Bd2 Rfd8 25. Rxd8+ Rxd8 26. Be3 Nd4 27. Bxd4 exd4 28. Nc1 d3 29. cxd3 cxd3 30. Rd1 d2 31. Nb3 Bxb2 32. Kf1 Bxa3 33. Ke2 Bb4 34. Ke3 Re8+ 35. Kd3 Re1 36. Kc2 Rxd1 37. Kxd1 Kf7 38. Nxd2 Bxd2 39. Kxd2 Ke6 40. Kc3 Ke5 41. Kb4 Ke4 42. Ka5 Kd3 43. Kxa6 Ke2 44. f4 Kf2 45. g4 fxg4 46. f5 Kf3 47. Kb5 Kf4 48. Kc4 Kxf5 49. Kd3 Kf4 50. Ke2 g3 51. h3 g5 52. Kf1 Kf3 53. Kg1 h5 54. Kf1 g2+ 55. Kg1 Kg3 56. h4 Kxh4 57. Kxg2 Kg4 58. Kh2 Kf3 59. Kg1 g4 60. Kf1 g3 0-1

[Event "Landesklasse West 2024/25"]
[Site "?"]
[Date "2024.09.15"]
[Round "1.3"]
[White "Fink, Klaus"]
[Black "Neef, Michael"]
[Result "1/2-1/2"]
[WhiteElo "1761"]
[BlackElo "1778"]
[PlyCount "75"]
[EventDate "2024.09.15"]
[EventType "team-tourn"]
[EventRounds "9"]
[WhiteTeam "TSG Ruhla"]
[BlackTeam "SV Wartburgstadt Eisenach"]

1. d4 Nf6 2. Nf3 e6 3. c4 d5 4. Nc3 c6 5. cxd5 cxd5 6. Bg5 Be7 7. e3 O-O 8. Bd3 h6 9. Bxf6 Bxf6 10. O-O Nc6 11. Rc1 Bd7 12. Qd2 Rc8 13. Rfd1 Qa5 14. Bb1 g6 15. Ne2 Qxd2 16. Rxd2 Ne7 17. Rdc2 Rxc2 18. Rxc2 Rc8 19. Rxc8+ Nxc8 20. Bd3 Nd6 21. Nd2 Bb5 22. Bxb5 Nxb5 23. Kf1 Kf8 24. Ke1 Be7 25. Kd1 Ke8 26. Nc1 Bb4 27. Nd3 Bd6 28. f4 Ke7 29. Nf3 Nc7 30. Kc2 Ne8 31. Nf2 Nf6 32. Kd3 Kd7 33. Ne5+ Ke7 34. Ke2 Nd7 35. h3 Bxe5 36. fxe5 f5 37. exf6+ Nxf6 38. Kf3 1/2-1/2

[Event "Landesklasse West 2024/25"]
[Site "?"]
[Date "2024.09.15"]
[Round "1.4"]
[White "Arnold, Sebastian"]
[Black "Voß, Ewald"]
[Result "1/2-1/2"]
[WhiteElo "1661"]
[BlackElo "1653"]
[PlyCount "32"]
[EventDate "2024.09.15"]
[EventType "team-tourn"]
[EventRounds "9"]
[WhiteTeam "SV Wartburgstadt Eisenach"]
[BlackTeam "TSG Ruhla"]

1. c4 e5 2. Nc3 Nf6 3. g3 d5 4. cxd5 Nxd5 5. Bg2 c6 6. Nf3 Nxc3 7. bxc3 Bd6 8. Qc2 O-O 9. O-O f5 10. e3 Be6 11. Rb1 b6 12. d3 Nd7 13. Ne1 Rc8 14. f4 exf4 15. exf4 Nf6 16. Nf3 Bd5 1/2-1/2

[Event "Landesklasse West 2024/25"]
[Site "?"]
[Date "2024.09.15"]
[Round "1.5"]
[White "Kabisch, Roland"]
[Black "Leithoff, Hans-Georg"]
[Result "1/2-1/2"]
[WhiteElo "1570"]
[BlackElo "1640"]
[PlyCount "67"]
[EventDate "2024.09.15"]
[EventType "team-tourn"]
[EventRounds "9"]
[WhiteTeam "TSG Ruhla"]
[BlackTeam "SV Wartburgstadt Eisenach"]

1. f4 Nf6 2. Nf3 d5 3. e3 g6 4. b3 Bg7 5. Bb2 O-O 6. Be2 c5 7. O-O Nc6 8. h3 b6 9. Ne5 Nxe5 10. Bxe5 Ne4 11. Bxg7 Kxg7 12. Qe1 e6 13. Bf3 Qf6 14. c3 Ba6 15. Be2 Bxe2 16. Qxe2 Ng3 17. Qe1 Nxf1 18. Kxf1 e5 19. g3 exf4 20. gxf4 Qf5 21. Kg2 Rfe8 22. d4 Qe4+ 23. Kf2 Qc2+ 24. Qd2 Qf5 25. Kg3 Re6 26. Na3 Rae8 27. Nc2 g5 28. Rf1 Rg6 29. Kh2 Rh6 30. Qg2 g4 31. Rg1 Rh4 32. Qg3 Qxc2+ 33. Rg2 Qxg2+ 34. Kxg2 1/2-1/2

[Event "Landesklasse West 2024/25"]
[Site "?"]
[Date "2024.09.15"]
[Round "1.7"]
[White "Salzer, Lars"]
[Black "Lotz, Arthur"]
[Result "1-0"]
[WhiteElo "922"]
[BlackElo "1434"]
[PlyCount "96"]
[EventDate "2024.09.15"]
[EventType "team-tourn"]
[EventRounds "9"]
[WhiteTeam "TSG Ruhla"]
[BlackTeam "SV Wartburgstadt Eisenach"]

{[%evp 0,7,19,38,83,65,65,60,61,52]} 1. e4 c6 2. d4 d5 3. e5 Bf5 4. Nf3 e6 5. Bf4 c5 6. Bd3 Bxd3 7. Qxd3 Nc6 8. O-O Qb6 9. b3 cxd4 10. c3 dxc3 11. Nxc3 Nb4 12. Qb5+ Nc6 13. Qxb6 axb6 14. a4 Bc5 15. Nb5 Rc8 16. Rfc1 Nge7 17. Rxc5 bxc5 18. Nd6+ Kd7 19. Nxc8 Nxc8 20. Rc1 b6 21. Bg3 h6 22. h3 N8e7 23. Bh2 Nf5 24. g4 Nfd4 25. Nxd4 Nxd4 26. Rb1 Nf3+ 27. Kg2 Nxh2 28. Kxh2 Kc6 29. f4 d4 30. Kg2 Kd5 31. Kf3 Rb8 32. h4 b5 33. Rd1 bxa4 34. bxa4 Rb3+ 35. Ke2 Ra3 36. Rd3 Rxa4 37. Kf3 c4 38. Rd1 c3 39. Rc1 Kc4 40. Ke4 d3 41. Rd1 d2 42. Ke3 Ra2 43. Kf3 Kd3 44. f5 c2 45. Rf1 d1=Q+ 46. Rxd1+ cxd1=Q+ 47. Kf4 Rf2+ 48. Kg3 Qf3# 1-0

[Event "Thüringenliga 2024/25"]
[Site "?"]
[Date "2024.10.20"]
[Round "2.1"]
[White "Franke, Luca"]
[Black "Recknagel, Michael"]
[Result "1/2-1/2"]
[WhiteElo "2036"]
[BlackElo "2084"]
[PlyCount "78"]
[EventDate "2024.09.15"]
[EventType "team-tourn"]
[EventRounds "9"]
[WhiteTeam "SV 1861 Liebschwitz"]
[BlackTeam "SC Suhl"]

1. e4 c5 2. Nf3 a6 3. c4 d6 4. d4 cxd4 5. Nxd4 Nf6 6. Nc3 e6 7. Be2 Be7 8. O-O O-O 9. Be3 Qc7 10. Rc1 Nc6 11. Qd2 Bd7 12. Rfd1 Rfd8 13. b3 Bf8 14. Bg5 Qa5 15. Nxc6 Bxc6 16. Qe3 Rac8 17. c5 Qxc5 18. Qg3 Qe5 19. f4 Qc5+ 20. Kh1 Kh8 21. Bxf6 gxf6 22. Nd5 Qa5 23. Nxf6 Bg7 24. Qh4 h6 25. Bf3 Be8 26. Rxc8 Rxc8 27. Ng4 Qd8 28. Qh3 Kh7 29. f5 Qg5 30. Qg3 exf5 31. exf5 Bc6 32. f6 Bxf3 33. Qxf3 Bf8 34. h3 Rc1 35. Rxc1 Qxc1+ 36. Kh2 Qc6 37. Qf5+ Kh8 38. Qh5 d5 39. Kg3 Qe6 1/2-1/2

[Event "Thüringenliga 2024/25"]
[Site "?"]
[Date "2024.10.20"]
[Round "2.2"]
[White "Berghof, Axel"]
[Black "Hermannsdörfer, Frank"]
[Result "1-0"]
[WhiteElo "2046"]
[BlackElo "2091"]
[PlyCount "61"]
[EventDate "2024.09.15"]
[EventType "team-tourn"]
[EventRounds "9"]
[WhiteTeam "SC Suhl"]
[BlackTeam "SV 1861 Liebschwitz"]

1. d4 d5 2. c4 e6 3. Nc3 Nf6 4. e3 a6 5. b3 Bb4 6. Bd2 Qe7 7. Bd3 b6 8. Nge2 Bb7 9. O-O Nbd7 10. f3 Bd6 11. e4 dxe4 12. Nxe4 Bb4 13. Bf4 e5 14. a3 Bd6 15. Nxd6+ Qxd6 16. Bg3 O-O 17. Qc2 Rfe8 18. Rfd1 Qe7 19. d5 a5 20. Nc3 Nc5 21. Re1 Nxd3 22. Qxd3 Nd7 23. Nb5 Ba6 24. d6 cxd6 25. Qxd6 Qxd6 26. Nxd6 Re6 27. Rad1 f6 28. Bf2 Rb8 29. b4 Nf8 30. b5 Bc8 31. Bxb6 1-0

[Event "Thüringenliga 2024/25"]
[Site "?"]
[Date "2024.10.20"]
[Round "2.3"]
[White "Kitzig, Tobias"]
[Black "Feld-Gerdes, Wolfgang"]
[Result "0-1"]
[WhiteElo "1867"]
[BlackElo "2053"]
[PlyCount "102"]
[EventDate "2024.09.15"]
[EventType "team-tourn"]
[EventRounds "9"]
[WhiteTeam "SV 1861 Liebschwitz"]
[BlackTeam "SC Suhl"]

1. d4 Nf6 2. Bf4 d5 3. e3 c5 4. c3 Nc6 5. Nd2 Bf5 6. Ngf3 Qb6 7. Qb3 c4 8. Qxb6 axb6 9. a3 b5 10. Rc1 h6 11. h3 e6 12. Ne5 Nxe5 13. Bxe5 Nd7 14. Be2 Nb6 15. Bd1 Na4 16. Bxa4 bxa4 17. Nf3 Ra6 18. Rd1 f6 19. Bh2 Rb6 20. Rd2 Bd3 21. Ng1 Be7 22. Ne2 Kd7 23. Nc1 Bb1 24. f3 Ra8 25. Rf1 Ra5 26. Rff2 Rab5 27. Rfe2 f5 28. Be5 g5 29. g3 Bd6 30. Bxd6 Kxd6 31. f4 Ke7 32. Kf1 Kf6 33. Kg1 Rc6 34. Kh2 Rc8 35. Rf2 Rg8 36. Ne2 Ke7 37. Rd1 Rxb2 38. Re1 Bd3 39. h4 Bxe2 40. hxg5 hxg5 41. Rexe2 Rb3 42. Rc2 Rxa3 43. Rf1 Rb3 44. Ra1 a3 45. Kg2 g4 46. Rh1 Ra8 47. Kf2 Kd6 48. Ke2 b5 49. Ra1 Rh8 50. Rca2 Rh2+ 51. Ke1 Rxa2 0-1